LEADER 01221cam2-2200385---450 001 990001976800203316 005 20170426092216.0 035 $a000197680 035 $aUSA01000197680 035 $a(ALEPH)000197680USA01 035 $a000197680 100 $a20040902d1939----km-y0itay5003----ba 101 0 $aita 102 $aIT 105 $aa|||||||001yy 200 1 $aLombardia$fTouring club italiano$g[a cura di] L. V. Bertarelli 205 $a6. ed 210 $aMilano$cTouring club italiano$d1939 215 $a820 p., [34] carte di tav. di cui 8 ripiegate$cill.$d16 cm 225 2 $aGuida d'Italia del Touring club italiano$v2 300 $aEdizione di 20000 esemplari 410 0$1001996222541303316$12001$aGuida d'Italia$v, 2 607 $aLombardia$xGuide$2BNCF 676 $a914.5204915 702 1$aBERTARELLI,$bLuigi Vittorio 710 02$aTouring club italiano$05623 801 0$aIT$bsalbc$gISBD 912 $a990001976800203316 951 $aIII.1. Coll. 11/ 3(I C Coll. 1/3)$b997 L.M.$cIII.1. Coll.$d396745 959 $aBK 969 $aUMA 979 $aSIAV8$b10$c20040902$lUSA01$h1555 979 $aCOPAT2$b90$c20050301$lUSA01$h1327 996 $aLombardia$9148875 997 $aUNISA